logo

Bir Sreshtho Munshi Abdur Rouf Library
Jhenaidah Cadet College

মাষ্টারিং মাইক্রোসফট এক্সেল (Record no. 12075)

MARC details
000 -LEADER
fixed length control field 00670nam a2200217 a 4500
003 - CONTROL NUMBER IDENTIFIER
JCCL marc code BD-JhCC
005 - DATE AND TIME OF LATEST TRANSACTION
control field 20210311140356.0
008 - FIXED-LENGTH DATA ELEMENTS--GENERAL INFORMATION
fixed length control field 210311b20042018bg a|||| ||a| 000 0 mul d
020 ## - INTERNATIONAL STANDARD BOOK NUMBER
International Standard Book Number 984702770064X
035 ## - SYSTEM CONTROL NUMBER
system control number (BD-JhCC)
040 ## - CATALOGING SOURCE
Original cataloging agency BD-JhCC
Modifying agency BD-JhCC
041 ## - LANGUAGE CODE
Language code of Book mul
082 ## - DEWEY DECIMAL CLASSIFICATION NUMBER
Classification number 005.369
Author mark and Year ASH 2018
100 ## - MAIN ENTRY--PERSONAL NAME
Personal name Ashraf, Bappi
245 ## - TITLE STATEMENT
Title মাষ্টারিং মাইক্রোসফট এক্সেল
Statement of responsibility, etc Bappi Ashraf
260 ## - PUBLICATION, DISTRIBUTION, ETC. (IMPRINT)
Place of publication, distribution, etc ঢাকা :
Name of publisher, distributor, etc জ্ঞানকোষ প্রকাশনী;
Date of publication, distribution, etc ২০১৮.
300 ## - PHYSICAL DESCRIPTION
Pagination 432 p. :
Other physical details ill
Dimensions 22 cm.
650 ## - SUBJECT ADDED ENTRY--TOPICAL TERM
Topical term or geographic name as entry element Microsoft Excel (Computer file)
942 ## - ADDED ENTRY ELEMENTS (KOHA)
Source of classification or shelving scheme Dewey Decimal Classification
Koha item type Books
Holdings
Source of classification or shelving scheme Damaged status Not for loan Home library Current library Shelving location Date of accession Cost, normal purchase price Total Checkouts Full call number Barcode Checked out Date last seen Date checked out Copy number Koha item type
Dewey Decimal Classification     JCC Rouf Library JCC Rouf Library General Stacks 03/11/2021 146.00 1 005.369 ASH 2018 16434 03/28/2026 02/18/2026 02/18/2026 C-1 Books

JCC Library | Contacts | JCC Home

Last Update on 23 September 2017
Copyright @ 2017-2020 JCC Rouf Library
Rouf Library, Jhenidah Cadet College (JCC), Bangladesh